| 000 | 00722nab a2200217u 4500 | ||
|---|---|---|---|
| 001 | 19402 | ||
| 003 | HDC | ||
| 007 | c| |||a|c|aaaa | ||
| 008 | 210228b20091112my ||||o |||| 00| 0 eng d | ||
| 040 | _aHDC | ||
| 245 | 0 | _aAustralia - Roger Fletcher on Halal pre-stunning | |
| 336 |
_atext _2rdacontent |
||
| 337 |
_acomputer _2rdamedia |
||
| 338 |
_aonline resource _2rdacarrier |
||
| 650 |
_alargest halal sheepmeat exporter _917860 |
||
| 650 |
_areligious ritual slaughter _917861 |
||
| 856 | _zRequest full-text at [email protected] | ||
| 942 | _2lcc | ||
| 942 | _cNEWS | ||
| 942 | _kNWS0 003561 | ||
| 999 |
_c16718 _d16718 |
||